Redacte su curriculum en inglés fácil (Registro nro. 10054)
[ vista simple ]
| 000 -Cabecera | |
|---|---|
| Campo de control de longitud fija | 00808nam a22002897a 4500 |
| 005 - Fecha y hora de la última transacción | |
| Campo de control | 20260413154808.0 |
| 008 - Elementos de longitud fija--Información general | |
| Campo de control de longitud fija | 171207b2007 xxu||||| |||| 00| 0 spa d |
| 020 ## - International Standard Book Number | |
| Número Internacional Estándar del Libro (ISBN) | 9702210062 |
| 041 ## - Idioma | |
| Código de idioma | Español |
| 082 ## - Clasificación Decimal Dewey | |
| Número de clasificación | 650.14 R744r |
| 100 ## - Entrada principal--Autor personal | |
| Nombre personal | Roland, Marie-Claude |
| 9 (RLIN) | 44831 |
| 100 ## - Entrada principal--Autor personal | |
| Nombre personal | Mast-Grand, Martha |
| 9 (RLIN) | 44832 |
| 245 ## - Título propiamente dicho | |
| Título | Redacte su curriculum en inglés fácil |
| 260 ## - Pie de imprenta | |
| Lugar de publicación, distribución, etc. | México |
| 260 ## - Pie de imprenta | |
| Nombre del editor, distribuidor, etc. | Larousse |
| 260 ## - Pie de imprenta | |
| Fecha de publicación, distribución, etc. | 2007 |
| 300 ## - Descripción física | |
| Extensión | 219 páginas |
| 490 ## - Serie | |
| Título de la Serie | Dirección y Administración de Empresas |
| 490 ## - Serie | |
| Título de la Serie | Secretariado Ejecutivo |
| 650 ## - Materia general | |
| Temática (materia general) | ÉXITO EN LA OBTENCIÓN DE EMPLEOS Y PROMOCIONES |
| 650 ## - Materia general | |
| Temática (materia general) | CURRÍCULUM |
| 650 ## - Materia general | |
| Temática (materia general) | REDACCIÓN |
| 650 ## - Materia general | |
| Temática (materia general) | CARTA ADJUNTA |
| 650 ## - Materia general | |
| Temática (materia general) | CONFECCIÓN DEL CURRICULUM |
| 650 ## - Materia general | |
| Temática (materia general) | CURRÍCULUM EN INGLÉS |
| 942 ## - Punto de acceso adicional KOHA | |
| Tipo de ítem KOHA | Libro |
| Fuente del sistema de clasificación o colocación | Dewey Decimal Classification |
| Signatura completa | Código de barras | Programa Académico | Tipo de ítem |
|---|---|---|---|
| 650.14 R744r | 17040 | Libro |